Normal view
MARC view
- Educación primaria
Entry Materia
001 - NÚMERO DE CONTROL DEL REGISTRO
- campo de control: 18485
003 - IDENTIFICADOR DE NUMERO DE CONTROL
- campo de control: MX-MxUPN
005 - FECHA Y HORA DE LA ÚLTIMA TRANSACCIÓN
- campo de control: 20240905092613.0
008 - DATOS DE LONGITUD FIJA
- campo de control de longitud fija: 240905n||acnnnbabn n ana |d
035 ## - NÚMERO DE CONTROL DEL SISTEMA
- Número de control del sistema: UPN10000018493
040 ## - FUENTE DE LA CATALOGACIÓN
- Lengua de catalogación: spa
- Agencia de transcripción: MX-MxUPN
- Centro catalogador de origen: MX-MxUPN
150 ## - ENCABEZAMIENTO - TEMÁTICO
- Término de materia o nombre geográfico como elemento inicial: Educación primaria
- Subdivisión geográfica: Bélgica
- Subdivisión de forma: Planes y programas
670 ## - FUENTE EN LA QUE SE LOCALIZARON DATOS
- Cita de la fuente: SHLC/P
- Información localizada: Education, Primary (May subd. geog.)
670 ## - FUENTE EN LA QUE SE LOCALIZARON DATOS
- Cita de la fuente: Autoridades BGTQ, 05 septiembre 2024 :
- Información localizada: (Educación primaria -- Bélgica -- Planes y programas)
902 ## - CATALOGADOR
- Catalogador: CAA/061295
- Catalogador: MaríaRobles/050924
